Selector de llamadas en línea compartida

Furkejuvvon:
Bibliográfalaš dieđut
Váldodahkki: Villalobos Mora, Mario Alberto
Materiálatiipa: Girji
Almmustuhtton: San José, Costa Rica 1991
Fáttát:
Fáddágilkorat: Lasit fáddágilkoriid
Eai fáddágilkorat, Lasit vuosttaš fáddágilkora!

MARC

LEADER 00000nam a2200000Ia 4500
003 005148
005 20221231144328.0
008 140114s1991 cr a m 000 ||s d
040 |c cru CEDI 
090 |a TFG 2451 
100 |a Villalobos Mora, Mario Alberto  |9 12756 
245 |a Selector de llamadas en línea compartida 
260 |c 1991  |a San José, Costa Rica 
300 |a  viii, 58 hojas , diagramas ; 27 cm  
500 |a  Proyecto de graduación (bachillerato en ingeniería eléctrica)--Universidad de Costa Rica. Facultad de Ingeniería. Escuela de Ingenieria Eléctrica 
650 |x TELEFONOS   |x TELECOMUNICACIONES   |x LINEAS TELEFONICAS  |x SISTEMAS DE TELECOMUNICACION - DISEÑO Y CONSTRUCCION  |9 12757 
942 |c TFG 
999 |c 20233  |d 20233